| 000 -ლიდერი |
| ფიქსირებული სიგრძის საკონტროლო ველი |
01399nam a22002537a 4500 |
| 003 - საკონტროლო ნომრის იდენტიფიკატორი |
| საკონტროლო ველი |
Ge_BSU |
| 005 - ბოლო ოპერაციის თარიღი და დრო |
| საკონტროლო ველი |
20230217112454.0 |
| 008 - ფიქსირებული სიგრძის მონაცემთა ელემენტები - ზოგადი ინფორმაცია |
| ფიქსირებული სიგრძის საკონტროლო ველი |
230216b xxu||||| |||| 00| 0 geo d |
| 020 ## - წიგნის საერთაშორისო სტანდარტული ნომერი |
| International Standard Book Number |
9994062158 |
| 041 ## - ენის კოდი |
| Language code of text/sound track or separate title |
geo |
| 080 ## - უნივერსალური ათობითი კლასიფიკაციის ინდექსი |
| Universal Decimal Classification number |
343.25 ფ-85 |
| 100 ## - მთავარი ჩანაწერი - პიროვნების სახელი |
| Personal name |
ფოული, კონორ |
| 9 (RLIN) |
16953 |
| 245 ## - ცნობა სათაურის შესახებ |
| Title |
წამების დასამარცხებლად : |
| Remainder of title |
სახელმძღვ. მოსამართლეებისა და პროკურორებისათვის / |
| Statement of responsibility, etc |
კონორ ფოული ; [რედ.: გიორგი ჯოხაძე, ლაშა ჭელიძე ; საქ. სახალხო დამცველის აპარატი]. |
| 264 ## - წარმოების, გამოცემის, დისტრიბუციის და სხვა ცნობები |
| გამოცემის, წარმოების, დისტრიბუციის... ადგილი |
თბილისი : |
| გამოცემის, წარმოების, დისტრიბუციის... სახელწოდება |
სი-ჯი-ეს,-ში |
| გამოცემის, წარმოების, დისტრიბუციის... თარიღი |
2006. |
| 300 ## - ფიზიკური აღწერა |
| Extent |
278 გვ. ; |
| Other physical details |
20 სმ. |
| 490 ## - სერიის ცნობა |
| Series statement |
სახალხო დამცველის ბიბლიოთეკა |
| 504 ## - BIBLIOGRAPHY, ETC. NOTE |
| Bibliography, etc |
ბიბლიოგრ. ტექსტ. შენიშვნ. |
| 653 ## - INDEX TERM--UNCONTROLLED |
| Uncontrolled term |
წამება |
| 653 ## - INDEX TERM--UNCONTROLLED |
| Uncontrolled term |
სამართალი |
| 700 ## - ADDED ENTRY--PERSONAL NAME |
| Personal name |
ჯოხაძე, გიორგი |
| Relator term |
რედაქტორი |
| 9 (RLIN) |
16910 |
| 700 ## - ADDED ENTRY--PERSONAL NAME |
| Personal name |
ჭელიძე, ლაშა |
| Relator term |
რედაქტორი |
| 9 (RLIN) |
1297 |
| 710 ## - ADDED ENTRY--CORPORATE NAME |
| Corporate name or jurisdiction name as entry element |
საქ. სახალხო დამცველის აპარატი |
| 9 (RLIN) |
16954 |
| 942 ## - ADDED ENTRY ELEMENTS (KOHA) |
| Source of classification or shelving scheme |
|
| Koha item type |
წიგნი |